Classement de la ligue 1 2021/2022 - Statistiques

Statistiques générales
  • Ce quiz a été pris 2 431 fois
  • Le résultat moyen est 11 sur 20
Statistiques - réponses
Position Club % Correct
1 PSG
100%
2 Marseille
98%
3 Monaco
92%
4 Rennes
79%
5 Nice
72%
8 Lyon
61%
7 Lens
60%
6 strasbourg
57%
10 Lille
53%
9 Nantes
53%
20 Bordeaux
47%
18 ASSE
46%
19 Metz
44%
11 Brest
43%
13 Montpellier
41%
12 Reims
40%
14 Angers
37%
16 Lorient
36%
17 Clermont
33%
15 Troyes
29%
Aucun quiz correspondant
Distribution des résultats
% des personnes avec chaque résultat
Percentile par nombre de réponses
Votre historique - résultats
Vous n’avez pas pris ce quiz